555 timer applications sourcebook, with experiments

Uloženo v:
Podrobná bibliografie
Hlavní autor: Berlin, Howard M.
Médium: Kniha
Jazyk:English
Vydáno: Indianapolis : H. W. Sams, c1976.
Témata:
Tagy: Přidat tag
Žádné tagy, Buďte první, kdo vytvoří štítek k tomuto záznamu!

MARC

LEADER 00000nam a2200000Ia 4500
003 002033
005 20221231144010.0
008 140114s1976 inua 000 ||eng d
040 |c cru CEDI 
082 |a 621.381.737 B515q 
100 |a Berlin, Howard M.  |9 21157 
245 |a 555 timer applications sourcebook, with experiments 
260 |a Indianapolis : H. W. Sams,   |c  c1976. 
300 |a 73 páginas ;ilustraciones   |b Fotocopia 
650 |x CIRCUITOS  |9 21158 
942 |2 ddc  |c BK 
999 |c 15410  |d 15410